Catálogo
 En Linea

Antología del arte de la repostería en la República Dominicana (siglo XX y XXI) / (Registro nro. 51712)

Detalles MARC
000 -CABECERA
campo de control de longitud fija 01080nam a2200289 a 4500
003 - IDENTIFICADOR DEL NÚMERO DE CONTROL
campo de control DO-SdBNP
005 - FECHA Y HORA DE LA ÚLTIMA TRANSACCIÓN
campo de control 20260305074000.0
007 - CAMPO FIJO DE DESCRIPCIÓN FÍSICA--INFORMACIÓN GENERAL
campo de control de longitud fija ta
008 - DATOS DE LONGITUD FIJA--INFORMACIÓN GENERAL
campo de control de longitud fija 220512e2012 dr ao||gr|||| 001 0 spa d
020 ## - NÚMERO INTERNACIONAL ESTÁNDAR DEL LIBRO
Número Internacional Estándar del Libro 9789945006070
040 ## - FUENTE DE LA CATALOGACIÓN
Centro catalogador/agencia de origen DO-SdBNP
Lengua de catalogación spa
Centro/agencia transcriptor BNPHU
082 #4 - NÚMERO DE LA CLASIFICACIÓN DECIMAL DEWEY
Número de edición 22
Número de documento/Ítem G277a
100 1# - ENTRADA PRINCIPAL--NOMBRE DE PERSONA
9 (RLIN) 38397
Nombre de persona Gautreaux, Miriam de
Fechas asociadas al nombre 1940-
245 10 - MENCIÓN DE TÍTULO
Título Antología del arte de la repostería en la República Dominicana (siglo XX y XXI) /
Mención de responsabilidad, etc. Miriam de Gautreaux, Editor, Cándido Gerón; Fotografías, Rubén Román, Héctor Báez, Nieves Gautreaux.
260 ## - PUBLICACIÓN, DISTRIBUCIÓN, ETC.
Lugar de publicación, distribución, etc. Santo Domingo :
Nombre del editor, distribuidor, etc. Corripio,
Fecha de publicación, distribución, etc. 2012
300 ## - DESCRIPCIÓN FÍSICA
Extensión 230 p. :
Otras características físicas il., fotogr. ;
Dimensiones 28 cm.
500 ## - NOTA GENERAL
Nota general Incluye biografía de la autora p. 129- 132.
500 ## - NOTA GENERAL
Nota general Incluye biografías.
590 ## - NOTA LOCAL (RLIN)
Nota local Inventariado 2022 / MF
650 #4 - PUNTO DE ACCESO ADICIONAL DE MATERIA--TÉRMINO DE MATERIA
9 (RLIN) 38398
Término de materia o nombre geográfico como elemento de entrada Pasteles
Subdivisión de forma Historia
Subdivisión cronológica Siglo XX- XXI
Subdivisión geográfica República Dominicana
700 1# - PUNTO DE ACCESO ADICIONAL--NOMBRE DE PERSONA
Nombre de persona Gerón, Candido,
Fechas asociadas al nombre 1948-
Código de función/relación ed.
9 (RLIN) 3577
700 1# - PUNTO DE ACCESO ADICIONAL--NOMBRE DE PERSONA
9 (RLIN) 80716
Nombre de persona Román, Rubén
Término indicativo de función/relación fotogr.
700 1# - PUNTO DE ACCESO ADICIONAL--NOMBRE DE PERSONA
Nombre de persona Báez, Nieves,
Término indicativo de función/relación fotogr.
9 (RLIN) 81603
700 1# - PUNTO DE ACCESO ADICIONAL--NOMBRE DE PERSONA
Nombre de persona Gautreaux, Héctor
9 (RLIN) 81603
910 ## - DATOS DE OPCIÓN DEL USUARIO (OCLC)
Datos de opción del usuario MFeliz
942 ## - ELEMENTOS DE PUNTO DE ACCESO ADICIONAL (KOHA)
Fuente del sistema de clasificación o colocación Dewey Decimal Classification
Tipo de ítem Koha Libro
Existencias
Estado de retiro Estado de pérdida Fuente del sistema de clasificación o colocación Restricciones de uso No para préstamo Código de colección Localización permanente Ubicación/localización actual Ubicación en estantería Fecha de adquisición Fuente de adquisición Signatura topográfica completa Código de barras Fecha visto por última vez Precio válido a partir de Tipo de ítem Koha Nota pública
    Dewey Decimal Classification Excluido de préstamo   Patrimonio Dominicano Biblioteca Nacional Pedro Henríquez Ureña Biblioteca Nacional Pedro Henríquez Ureña Depósito 19.04.2021 Donado por Katherine Rodríguez G277a 2022-2045 12.05.2022 12.05.2022 Libro Ejemplar autografiado

Con tecnología Koha